000 00738 a2200241 4500
502 _aThèse de Doctorat
260 _aWageningen
653 1 _aAgronomie
100 _aSLIMANI, Nadia
041 _bEn
260 _bUniversité de Wageningen
300 _a206 p.
245 _a24-hour dietary recalls as reference calibration measurements in EPIC : from statistical theory to epidemiological application
300 _bIll., Couv. ill. ; 24 cm
260 _c04 Décembre 2002
130 _lEn
040 _aSupport
041 _bEn
653 1 _aNutrition et Sciences Alimentaires
100 _uAbomey-Calavi, Université d'Abomey-Calavi, Faculté des Sciences Agronomiques, Bj
020 _a90-5808-710-7
999 _c31824
_d31824